000 00420nam a2200157Ia 4500
003 GCL
008 140319s9999 xx 000 0 eng d
040 _aGCL /
_cGCL
082 0 4 _a371.92
_bH L
100 1 _aHAWKRIDGE, DAVID G
245 1 0 _aLEARNING DIFFICULTIES AND COMPUTERS /
_cHAWKRIDGE, DAVID G
260 _a[S.N] :
_bBIDDLES LTD ،
_c1992
300 _a330 P P
650 0 4 _aLEARNING COMPUTER
942 _2ddc
_cBK
999 _c11289
_d11289